Las culturas afrocaribeñas / (Registro nro. 14852)

Detalles MARC
000 -LIDER
fixed length control field 01553nam a2200313 a 4500
001 - NÚMERO DE CONTROL
Identificador de número de control 000020261
003 - IDENTIFICACDOR DE NÚMERO DE CONTROL
control field DO-SdBPM
005 - DATE AND TIME OF LATEST TRANSACTION
control field 20241107114919.0
008 - ELEMENTOS DE LONGITUD FIJA
fixed length control field 100802s2015 dr r 000 0 spa d
020 ## - ISBN
International Standard Book Number 9789945082685
040 ## - FUENTE DE CATALOGACIÓN
Agencia que crea de manera original el registro DO-SdBPM
Idioma de catalogación spa
Agencia que realiza la transcripción BPMSU
082 #4 - NÚMERO DE CLASIFICACIÓN DECIMAL DE DEWEY
Classification number 306.362
Item number D325c 2015
Edition number 22
100 1# - ASIENTO PRINCIPAL -- NOMBRE PERSONAL
Nombre personal Deive, Carlos Esteban,
Fechas asociadas con el nombre 1935-2019
245 14 - MENCIÓN DE TITULO
Título Las culturas afrocaribeñas /
Mención de responsabilidad Carlos Esteban Deive ; presentación Bolívar Troncoso Morales.
260 ## - PUBLICACIÓN, DISTRIBUCIÓN, ETC. (PIE DE IMPRENTA)
Lugar de publicación, distribución, etc Santo Domingo :
Nombre del editor, distribuidor, etc. Instituto Panamericano de Gografía e Historia,
Fecha de publicación, distribución, etc 2015.
300 ## - DESCRIPCIÓN FÍSICA
Extensión 461 p. ;
Otros detalles físicos il., mapas. ;
Dimensiones 24 cm.
500 ## - NOTA GENERAL
Nota general Incluye índice
500 ## - NOTA GENERAL
Nota general Incluye datos biográficos del autor en la solapa de la cubierta
504 ## - NOTA DE BIBLIOGRAFÍA, ETC.
Bibliography, etc Bibliografía : p. 421-441
505 0# - NOTA DE CONTENIDO
Texto normalizado de contenido Presentación /
Mención de responsabilidad Bolívar Troncoso Morales --
Título Introducción
-- La esclavitud --
-- Vida de los esclavos --
-- El cimarronaje --
-- La abolición de la esclavitud --
-- El proceso de formación de las sociedades caribeñas actuales --
-- Los estudios afroamericanos --
-- Religión y magia --
-- Música y danza --
-- Economía, cocina y familia --
-- Lenguaje y lteratura oral --
-- Bibliografía--
-- índice de personajes --
-- índice de lugares
590 ## - NOTA LOCAL
Texto de la nota local Inventariado, 2024/VM
650 #4 - ENCABEZAMIENTO DE MATERIA--TEMÁTICO
Término temático o nombre geográfico como elemento de entrada Cultura
Subdivisión geográfica Caribe (Región)
650 #4 - ENCABEZAMIENTO DE MATERIA--TEMÁTICO
Término temático o nombre geográfico como elemento de entrada Negros
Subdivisión geográfica Caribe (Región)
Subdivisión temática general Historia
650 #4 - ENCABEZAMIENTO DE MATERIA--TEMÁTICO
Término temático o nombre geográfico como elemento de entrada Esclavos
Subdivisión geográfica Caribe (Región)
Subdivisión temática general Historia
651 #4 - ENCABEZAMIENTO DE MATERIA--NOMBRE GEOGRÁFICO
Nombre geográfico Caribe (Región)
Subdivisión temática general Influencia africana
700 1# - ASIENTO SECUNDARIO -- NOMBRE PERSONAL
Nombre personal Troncoso Morales, Bolívar
Mención de responsabilidad presentación
910 ## - VALIDACIÓN
Validación VMateo V. Control de calidad. BPMSU
942 ## - ADDED ENTRY ELEMENTS (KOHA)
Source of classification or shelving scheme Dewey Decimal Classification
Koha item type Libros
Existencias
Withdrawn status Lost status Source of classification or shelving scheme Damaged status Not for loan Collection code Home library Current library Date acquired Total Checkouts Full call number Barcode Date last seen Price effective from Koha item type
    Dewey Decimal Classification     Colección Dominicana Biblioteca Pública Metropolitana Salomé Ureña Biblioteca Pública Metropolitana Salomé Ureña 11/07/2024   BPMSU CD 306.362 D325c 2015 BPMSU24110016 11/07/2024 11/07/2024 Libros